Linear Induction Motor with Transverse Flux and the Secondary Suspended Electrodynamically

Podrobná bibliografia
Hlavný autor: Gieras, Jacek (Autor)
Médium: Článok
Jazyk:slovenčina
angličtina
Fyzický popis:Obr. 13. Res. slov., rus. a nem.
Predmet:

MARC

LEADER 00000nab a2200000 a 4500
001 vtls000096133
003 SK-MaSNL
005 20260304051047.0
008 250422c1981 xo 0 slo
015 |a SNBRB19rr/mm-uuuuu 
035 |a CL0106236 
035 |a urn:nbn:sk:snk-abcz96 
035 |a (urnnbn)urn:nbn:sk:snk:ar-006tt6 
035 |a (uuid)a208ca47-8bb8-421b-a1c9-0a14238bb5b8 
040 |a SNKBUCL  |b slo  |c SNKBUCL  |e AACR2 
041 0 |a eng 
044 |a xo  |c SK 
080 |a 621.31  |2 1981 
100 1 |a Gieras, Jacek  |4 aut  |9 1332759 
245 1 0 |a Linear Induction Motor with Transverse Flux and the Secondary Suspended Electrodynamically  |c Jacek Gieras 
300 |b Obr. 13. Res. slov., rus. a nem. 
650 0 7 |a motory asynchrónne  |2 snkbucl  |9 934841 
655 7 |a články z novín a časopisov  |2 snkbucl  |9 267496 
773 0 |t Elektrotechnický časopis  |g Roč. 32, č. 7 (1981), s. 506-519 
850 |a Slovenská národná knižnica 
852 |a Slovenská národná knižnica 
958 |a article17 
958 |a OND 
958 |a RK 
958 |a PL 
958 |a EUIPO 
992 |a RBX 
999 |c 2701679  |d 2703609